Les stations du métro parisien en devinettes (3) - Statistiques

Statistiques générales
  • Ce quiz a été pris 80 fois
  • Le résultat moyen est 13 sur 30
Statistiques - réponses
Définition Ligne Station % Correct
Nous vivons la Ve 3 5 8 9 & 11 République
90%
Fâcheux événement pour une histoire gauloise 4 Alésia
71%
Bien avant le congélateur 6 Glacière
70%
Au-dessus de Delphes 4 6 12 & 13 Montparnasse
66%
Père du métro 4 6 12 & 13 Bienvenüe
64%
Péninsule contestée 7 Crimée
56%
Noah y est passé du court à la scène 6 & 14 Bercy
53%
Amène des fleurs 3bis & 11 Porte des Lilas
53%
Nom de scène 4 & 10 Odéon
50%
Produisit un effet 3 7 & 8 Opéra
49%
Guide 6 & 12 Pasteur
47%
Aérostier d'occasion 3 & 3bis Gambetta
44%
Ancien ventre de Paris 4 Les Halles
43%
Un petit village près de Cadix 6 & 9 Trocadéro
41%
Invité à comparaitre 4 Cité
39%
Embarcadère septentrional 4 & 5 Gare du Nord
39%
Victoire de 1809 3 Wagram
36%
Ils ont la pêche 4 & 12 Poissonniers
34%
Du prénom de ce saint au martyre, il ne s'agit que de trois lettres 4 Saint-Sulpice
34%
Forteresse moscovite & asile 7 Le Kremlin-Bicêtre
33%
Créatures magiques 7 Les Gobelins
33%
Bouge la tête 5 Hoche
31%
Voie fréquentée 6 Nationale
30%
Autrefois un insecte piqueur y aurait sévi 6 Picpus
30%
Position bien défendue 6 Bir-Hakeim
29%
Nous a donné le mot 6 Cambronne
27%
Lieu accueillant une autre route de Napoléon 4 Simplon
21%
Chez Maigret 5 Richard-Lenoir
19%
Jeune pousse 7 Cadet
17%
Soutien un joujou ? 5 Porte de Pantin
14%
Aucun quiz correspondant
Distribution des résultats
% des personnes avec chaque résultat
Percentile par nombre de réponses
Votre historique - résultats
Vous n’avez pas pris ce quiz